Les français en MotoGP - Statistiques

Statistiques générales
  • Ce quiz a été pris 389 fois
  • Le résultat moyen est 5 sur 10
Statistiques - réponses
Nb de Grands Prix Pilote Constructeurs Années de compétition % Correct
42 Fabio Quartararo Yamaha 2019-
98%
75 Johann Zarco Yamaha, KTM, Honda, Ducati 2017-
97%
140 Randy de Puniet Kawasaki, Honda, Ducati, ART, Suzuki 2006-2014
75%
49 Loris Baz Yamaha Forward, Ducati 2015-2017
51%
48 Sylvain Guintoli Yamaha, Ducati 2002, 2007-2008, 2011, 2017-2019
47%
43 Olivier Jacque Yamaha, Moriwaki, Kawasaki 2002-2005, 2007
37%
36 Mike Di Meglio Avintia, Ducati 2014-2015
34%
16 Régis Laconi Aprilia 2002
24%
1 Christophe Ponsson Ducati 2018
11%
2 Jean-Michel Bayle Yamaha 2002
9%
Aucun quiz correspondant
Distribution des résultats
% des personnes avec chaque résultat
Percentile par nombre de réponses
Votre historique - résultats
Vous n’avez pas pris ce quiz